LEADER 00784nam a2200205 i 4500 001 000000176446 003 CaOOAMICUS 005 20081205000000.0 008 081205s1923 it u000 u mul u 013 $a153935 040 $aSeMil$bita 245 10$aIsthmiques et fragments. 300 $a257 p. 490 0 $aCollection des Universités de France 700 0 $aPindarus,$d.$0(OLS)http://semarc/name/6172 773 0 $aPindarus $tPindare.$dParis : Les Belles Lettres, 1922-1923.$gTome4$w()20445 830 0$aCollection des Universités de France.$0(OLS)http://semarc/title/6036 850 $aSeMil 852 $aSeMil$W1$xVenegono$y1$m1Z VI 12$j237495$B127268$CSeMilBibl$Z2$F137697 $81 996 $6245$aIsthmiques et fragments$9(OLS)http://semarc/title/253262 LEADER 00870nab a2200133 i 4500 001 000000330235 003 CaOOAMICUS 005 20180831173635.0 008 180831n it uu u0 0ita r 013 $a41988 040 $aSeMil$bita 245 10$aDon Gian Carlo Lamperti (1928-2018) ; Don Giuseppe Zarioli (1929-2018) ; Don Luigi Viganò (1939-2018?) ; Don Giulio Colombo (1931-2018) ; Don Ambrogio Ratti (1933-2018) ; Don Amintore Pagani (1929-2018?). - In [rubrica]: La Fiaccola ricorda. 773 0 $tFesta dei candidati con papa Francesco. - 32 p. - Titolo dalla copertina.$gp.30-31$w()292417 996 $6245$aDon Gian Carlo Lamperti (1928-2018) ; Don Giuseppe Zarioli (1929-2018) ; Don Luigi Viganò (1939-2018?) ; Don Giulio Colombo (1931-2018) ; Don Ambrogio Ratti (1933-2018) ; Don Amintore Pagani (1929-2018?). - In [rubrica]: La Fiaccola ricorda.$9(OLS)http://semarc/title/418692 LEADER 01297nam a2200241 i 4500 001 000000198435 003 CaOOAMICUS 005 20110302000000.0 008 110302s1896 it u000 u ita u 013 $a177123 040 $aSeMil$bita 100 1 $aDe Benedetti, Augusto.$0(OLS)http://semarc/name/71807 245 13$aLa diplomazia pontificia e la prima spartizione della Polonia :$bsaggio storico sopra documenti inediti dell'Archivio segreto di Stato della S. Sede /$cAugusto De Benedetti ; con una lettera di Ladislas Mickiewicz. 260 $aPistoia :$bTip. Flori e Biagini,$c1896. 300 $a132 p. ;$c22 cm. 650 4$aSanta Sede - Relazioni con la Polonia.$0(OLS)http://semarc/subject/11635 650 4$aDiplomazia pontificia - Storia - Sec. 19.$0(OLS)http://semarc/subject/351 700 1 $aMickiewicz, Ladislas.$0(OLS)http://semarc/name/71808 773 0 $t[Miscellanea.$w()19697 850 $aSeMil 852 $aSeMil$W1$xVenegono$y1$m5B I 3/3 FA$j148991$B148991$CSeMilBibl$Z2$F160390 $8I 996 $6245$aLa diplomazia pontificia e la prima spartizione della Polonia :$bsaggio storico sopra documenti inediti dell'Archivio segreto di Stato della S. Sede$9(OLS)http://semarc/title/286735 996 $6260$aPistoia :$bTip. Flori e Biagini$9(OLS)http://semarc/publisher/51153